|
|
|
|
| LEADER |
01020naa a2200217 i 4500 |
| 001 |
acta86266 |
| 005 |
20250113124537.0 |
| 008 |
250113s2023 hu o 100 hun d |
| 020 |
|
|
|a 978-615-6060-68-6
|
| 040 |
|
|
|a SZTE Egyetemi Kiadványok Repozitórium
|b hun
|
| 041 |
|
|
|a hun
|
| 100 |
1 |
|
|a Lengyel Ádám
|
| 245 |
1 |
0 |
|a Két ügy, egy érv - toborzó- és propagandadalok az amerikai polgárháborúban
|h [elektronikus dokumentum] :
|b [absztrakt] /
|c Lengyel Ádám
|
| 260 |
|
|
|a Belvedere Meridionale
|b Szeged
|c 2023
|
| 300 |
|
|
|a 21
|
| 490 |
0 |
|
|a Szegedi Történészhallgatók Egyesületének Konferenciái
|v 5
|
| 650 |
|
4 |
|a Bölcsészettudományok
|
| 650 |
|
4 |
|a Történettudomány és régészet
|
| 695 |
|
|
|a Polgárháború - USA - 1861-1865 - előadáskivonat, Toborzódalok - USA - 19. sz. - előadáskivonat
|
| 711 |
|
|
|a Szegedi Történészhallgatók Egyesületének konferenciája (5.)
|c Szeged
|d 2023. március 30-31.
|
| 856 |
4 |
0 |
|u http://acta.bibl.u-szeged.hu/86266/1/SZETE_absztraktkotet_005_021.pdf
|z Dokumentum-elérés
|